<?xml version="1.0" encoding="UTF-8"?>
<collection xmlns="http://www.loc.gov/MARC21/slim">
 <record>
  <leader>01688nam a22003731a 4500</leader>
  <controlfield tag="001">000041234</controlfield>
  <controlfield tag="003">17534</controlfield>
  <controlfield tag="005">20220829134813.0</controlfield>
  <controlfield tag="008">170413s2016    vm            000   vie</controlfield>
  <datafield tag="040" ind1=" " ind2=" ">
   <subfield code="a">LNN</subfield>
  </datafield>
  <datafield tag="041" ind1=" " ind2=" ">
   <subfield code="a">VIE</subfield>
  </datafield>
  <datafield tag="082" ind1=" " ind2=" ">
   <subfield code="a">407</subfield>
   <subfield code="b">NG-T</subfield>
  </datafield>
  <datafield tag="100" ind1=" " ind2=" ">
   <subfield code="a">Nguyễn, Phan Phương Thảo</subfield>
  </datafield>
  <datafield tag="245" ind1=" " ind2="0">
   <subfield code="a">NGHIÊN CỨU VIỆC SỬ DỤNG CHIẾNLƯỢCHỌC TỪVỰNG, TỪ VỰNG CỦA SINH VIÊN NĂM NHẤT TRƯỜNG ĐẠI HỌC BÁCH KHOA-ĐẠI HỌC ĐÀ NẴNG. /</subfield>
   <subfield code="c">Nguyễn Phan Phương Thảo.</subfield>
  </datafield>
  <datafield tag="260" ind1=" " ind2=" ">
   <subfield code="a">ĐHNN,</subfield>
   <subfield code="c">2016.</subfield>
  </datafield>
  <datafield tag="300" ind1=" " ind2=" ">
   <subfield code="a">51tr . : ill ; 30cm.</subfield>
  </datafield>
  <datafield tag="490" ind1=" " ind2=" ">
   <subfield code="a">Báo cáo tổng kêt đè tài KH&amp;CN cấp cơ sở</subfield>
   <subfield code="b">Mã số: T2016-05-10.Bản tóm tắt</subfield>
  </datafield>
  <datafield tag="650" ind1=" " ind2=" ">
   <subfield code="a">CHIẾN LƯỢC HỌC TỪ VỰNG, TỪ VỰNG CỦA SINH VIÊN NĂM NHẤT TRƯỜNG ĐẠI HỌC BÁCH KHOA-ĐẠI HỌC ĐÀ NẴNG.</subfield>
  </datafield>
  <datafield tag="653" ind1=" " ind2=" ">
   <subfield code="a">Nguyễn Phan Phương Thảo,2016,CHIẾNLƯỢCHỌC TỪVỰNG, TỪ VỰNG CỦA SINH VIÊN NĂM NHẤT TRƯỜNG ĐẠI HỌC BÁCH KHOA-ĐẠI HỌC ĐÀ NẴNG.</subfield>
  </datafield>
  <datafield tag="700" ind1=" " ind2=" ">
   <subfield code="a">ThS.Nguyễn Phan Phương Thảo</subfield>
  </datafield>
  <datafield tag="852" ind1=" " ind2=" ">
   <subfield code="b">ĐTNC</subfield>
  </datafield>
  <datafield tag="OWN" ind1=" " ind2=" ">
   <subfield code="a">LNN</subfield>
  </datafield>
  <datafield tag="AVA" ind1=" " ind2=" ">
   <subfield code="a">UDN50</subfield>
   <subfield code="b">LNN</subfield>
   <subfield code="c">Reference Works</subfield>
   <subfield code="d">407 NG-T</subfield>
   <subfield code="e">available</subfield>
   <subfield code="t">Error 5001 Not defined in file expand_doc_bib_avail.</subfield>
   <subfield code="f">1</subfield>
   <subfield code="g">0</subfield>
   <subfield code="h">N</subfield>
   <subfield code="i">0</subfield>
   <subfield code="j">DT</subfield>
   <subfield code="k">1</subfield>
  </datafield>
  <datafield tag="999" ind1=" " ind2=" ">
   <subfield code="a">From the UDN01</subfield>
  </datafield>
  <datafield tag="AVA" ind1=" " ind2=" ">
   <subfield code="a">UDN50</subfield>
   <subfield code="b">LNN</subfield>
   <subfield code="c">Reference Works</subfield>
   <subfield code="d">407 NG-T</subfield>
   <subfield code="e">available</subfield>
   <subfield code="t">Error 5001 Not defined in file expand_doc_bib_avail.</subfield>
   <subfield code="f">1</subfield>
   <subfield code="g">0</subfield>
   <subfield code="h">N</subfield>
   <subfield code="i">0</subfield>
   <subfield code="j">DT</subfield>
   <subfield code="k">1</subfield>
  </datafield>
  <datafield tag="TYP" ind1=" " ind2=" ">
   <subfield code="a">Monograph</subfield>
  </datafield>
  <datafield tag="TYP" ind1=" " ind2=" ">
   <subfield code="a">Printed language</subfield>
  </datafield>
  <datafield tag="980" ind1=" " ind2=" ">
   <subfield code="a">Mạng thư viện Đại học Đà Nẵng</subfield>
  </datafield>
 </record>
</collection>
